Theory of oscillators /

Guardado en:
Autor Principal: Andronov, A. A. 1901-1952.
Otros Autores: Vitt, A. A. m. 1937., Khaikin, S. E.
Formato: Libro
Idioma:English
Russian
Publicado: Oxford : Pergamon Press, 1966.
Series:International series of monographs in physics ; v. 4.
Materias:
Etiquetas: Agregar Etiqueta
Sin Etiquetas, Sea el primero en etiquetar este registro!
LEADER 01010nam a22002531a 4500
001 MAT.inmabb002931
008 831130s1966####enka#####b####001#0#eng##
005 20180611164259.0
245 1 0 |a Theory of oscillators /  |c by A. A. Andronov, A. A. Vitt, and S. E. Khaikin ; translated from the Russian by F. Immirzi ; the translation edited and abridged by W. Fishwick. 
260 |a Oxford :  |b Pergamon Press,  |c 1966. 
300 |a xxxii, 815 p. :  |b il. ;  |c 24 cm. 
440 0 |a International series of monographs in physics ;  |v v. 4. 
504 |a Bibliografía: p. 801-811. 
510 4 |a MR,  |c 33 #6888 
100 1 |a Andronov, A. A.  |q (Aleksandr Aleksandrovich),  |d 1901-1952. 
240 1 0 |a Teoriia kolebanii.  |l Inglés 
700 1 |a Vitt, A. A.  |q (Aleksandr Adol´fovich),  |d m. 1937. 
700 1 |a Khaikin, S. E.  |q (Semen Emmanuilovich) 
650 0 |a Oscillations. 
084 |a 34C15 (34Cxx 70-01)  |2 MR 
010 |a  66003922  
040 |a DLC/ICU  |c ICU  |d DLC 
041 1 |a eng  |h rus 
859 |h 34  |i An575  |p A-4881  |b BIB. MATEMATICA